| 000 | 00719nam a2200253Ia 4500 | ||
|---|---|---|---|
| 003 | OSt | ||
| 005 | 20220918164642.0 | ||
| 006 | a|||||r|||| 00| 0 | ||
| 007 | ta | ||
| 008 | 220917b |||||||| |||| 00| 0 eng d | ||
| 020 | _a0706994973 (hbk) | ||
| 024 | _a188,835 | ||
| 037 | _cTextual | ||
| 040 |
_aARTS _cARTS _beng |
||
| 041 |
_2eng _aeng |
||
| 082 | _aY73(Q4).298.N9, N5;1 ( Q4) | ||
| 100 |
_aWickremeratne Ananda _919877 |
||
| 245 | 0 | _aBuddhism and ethnicity in Sri Lanka | |
| 260 |
_aNew Delhi _bVikas publishing house |
||
| 300 |
_axli, 337p. _ccm. |
||
| 650 | _aSOCIOLOGY | ||
| 942 |
_hY73(Q4).298.N9, N5;1 ( Q4) _cTEXL _2CC |
||
| 999 |
_c125755 _d125755 |
||